00819 a2200205 4500240019900000502002300199653002600222100002000248245012500268300001700393650001100410650001500421650002900436130000700465710009400472041000700566041000700573653002300580651001000603 aperformances zootechniques caractéristiques de la carcasse : traits métaboliques et économiques chez le porc en crooissance avec une alimentation à base de maïs ou de pelures de manioc aThèse d'exercice1 aSciences agronomiques aCodjo, Borgia A aPerformance carcass characteristics : metabolis and economic traits in growing pigs fed corn or cassava peel based diets aXVIII-161 p. aPORCIN aCROISSANCE aALIMENTATION DES ANIMAUX lEn aAbomey-Calavi, Université nationale du Bénin, Faculté des Sciences Agronomiques, BJ bFr bEn 1aProduction animale aBENIN